[Event "28th WSCC2018 - Open 50+"]
[Site "Bled"]
[Date "2018.11.29"]
[Round "11.1"]
[White "Movsziszian, Karen"]
[Black "Van Der Werf, Mark"]
[Result "1/2-1/2"]
[WhiteElo "2513"]
[BlackElo "2402"]
[PlyCount "28"]
[EventDate "2018.11.18"]

1. g3 e5 2. c4 Nf6 3. Bg2 d5 4. cxd5 Nxd5 5. Nf3 Nc6 6. O-O Be7 7. d4 e4 8. Ne5
f5 9. Nxc6 bxc6 10. Qc2 Qd7 11. Nd2 Nb4 12. Qc3 Nd5 13. Qc2 Nb4 14. Qc3 Nd5
1/2-1/2

[Event "28th WSCC2018 - Open 50+"]
[Site "Bled"]
[Date "2018.11.29"]
[Round "11.2"]
[White "Sturua, Zurab"]
[Black "Bagaturov, Giorgi"]
[Result "1/2-1/2"]
[WhiteElo "2529"]
[BlackElo "2417"]
[PlyCount "46"]
[EventDate "2018.11.18"]

1. Nf3 Nf6 2. g3 g6 3. Bg2 Bg7 4. O-O O-O 5. d4 d5 6. c4 dxc4 7. Na3 Nc6 8.
Nxc4 Be6 9. b3 Bd5 10. Bb2 a5 11. Rc1 a4 12. bxa4 Ra6 13. Nfe5 Bxg2 14. Kxg2
Nxe5 15. dxe5 Nd7 16. f4 b6 17. Rf3 Nc5 18. Qxd8 Rxd8 19. a5 b5 20. Na3 Na4 21.
Ba1 c6 22. Rd3 Rxd3 23. exd3 e6 1/2-1/2

[Event "28th WSCC2018 - Open 50+"]
[Site "Bled"]
[Date "2018.11.29"]
[Round "11.3"]
[White "Soffer, Ram"]
[Black "Kalegin, Evgenij"]
[Result "1-0"]
[WhiteElo "2472"]
[BlackElo "2413"]
[PlyCount "105"]
[EventDate "2018.11.18"]

1. e4 c5 2. Nf3 e6 3. g3 Nc6 4. Bg2 Nf6 5. Qe2 Be7 6. O-O O-O 7. e5 Ne8 8. c3
b6 9. Rd1 Bb7 10. d4 cxd4 11. Nxd4 Nxd4 12. cxd4 Bxg2 13. Kxg2 Nc7 14. Nc3 Bb4
15. Ne4 Nd5 16. Bg5 f6 17. exf6 gxf6 18. Bh6 Rf7 19. a3 Bf8 20. Bxf8 Qxf8 21.
Rac1 f5 22. Nc3 f4 23. Rd3 Rc8 24. Qd2 Nxc3 25. Rcxc3 Rxc3 26. Rxc3 Qd6 27. f3
h5 28. d5 Qxd5 29. Qxd5 exd5 30. Rd3 Rf5 31. g4 Re5 32. Kf2 Kg7 33. Rd4 hxg4
34. fxg4 Re3 35. Rxd5 Rb3 36. Rxd7+ Kf6 37. h4 Rxb2+ 38. Kf3 Rb3+ 39. Kxf4 Rxa3
40. Rd6+ Ke7 41. Rc6 b5 42. h5 b4 43. h6 Rh3 44. Ra6 Kf7 45. Kg5 Kg8 46. Rxa7
Rc3 47. Rb7 b3 48. Kg6 Rc6+ 49. Kh5 Rc3 50. g5 Rc8 51. h7+ Kh8 52. Kh6 b2 53.
g6 1-0

[Event "28th WSCC2018 - Open 50+"]
[Site "Bled"]
[Date "2018.11.29"]
[Round "11.4"]
[White "Bischoff, Klaus"]
[Black "Danielsen, Henrik"]
[Result "1-0"]
[WhiteElo "2507"]
[BlackElo "2504"]
[PlyCount "133"]
[EventDate "2018.11.18"]

1. d4 d6 2. e4 Nf6 3. f3 g6 4. c4 c5 5. d5 e6 6. Nc3 exd5 7. cxd5 Bg7 8. Bb5+
Bd7 9. a4 O-O 10. Nge2 Bxb5 11. axb5 Nbd7 12. O-O Ne8 13. Be3 Nc7 14. Qb3 a6
15. bxa6 bxa6 16. Qc2 Rb8 17. Bf4 Qe7 18. Nc1 Rb7 19. Nd3 Rfb8 20. Ra2 Ne5 21.
Nf2 Rb3 22. Bc1 Qh4 23. Qe2 Nb5 24. Nxb5 axb5 25. f4 Nd7 26. Ra7 Qd8 27. Ra6
Qe7 28. e5 dxe5 29. f5 e4 30. d6 Qe5 31. Ng4 Qd4+ 32. Kh1 gxf5 33. Ne3 Qd3 34.
Qf2 Nf6 35. Qxf5 Rd8 36. Qf4 Qe2 37. d7 Rd3 38. Rxf6 Bxf6 39. Qxf6 R8xd7 40.
Qg5+ Kh8 41. Kg1 h5 42. h3 R3d6 43. Qxc5 Kh7 44. Qf5+ Kg8 45. Qxe4 Re6 46. Qa8+
Kh7 47. Nd5 Qe5 48. Nf4 Rf6 49. Qf3 Rf5 50. Qf2 Rc7 51. Be3 Qe4 52. Qg3 Rc2 53.
Rf3 Qe5 54. Nd3 Qxg3 55. Rxg3 Rd5 56. Bf4 Rc4 57. Be5 b4 58. Re3 Kh6 59. b3 Rc8
60. Nxb4 Rb5 61. Rc3 Rd8 62. Bf4+ Kg6 63. Nc2 Kf5 64. Rc4 Rb7 65. Nd4+ Kg6 66.
b4 Rd5 67. b5 1-0

[Event "28th WSCC2018 - Open 50+"]
[Site "Bled"]
[Date "2018.11.29"]
[Round "11.5"]
[White "Prie, Eric"]
[Black "Haessel, Dale R"]
[Result "1/2-1/2"]
[WhiteElo "2482"]
[BlackElo "2155"]
[PlyCount "85"]
[EventDate "2018.11.18"]

1. d4 Nf6 2. Bf4 g6 3. Nc3 d5 4. e3 Bg7 5. h4 h5 6. Nf3 O-O 7. Qd2 c5 8. dxc5
Qa5 9. Nb5 Qxd2+ 10. Nxd2 Na6 11. Nb3 Bd7 12. N5d4 Rac8 13. Bxa6 bxa6 14. Be5
Ne4 15. Bxg7 Kxg7 16. f3 Nxc5 17. Nxc5 Rxc5 18. O-O-O Rfc8 19. Rd2 Ba4 20. b3
Bd7 21. Kb2 a5 22. a4 e5 23. Ne2 Bf5 24. Rc1 f6 25. Ng3 Be6 26. Re1 R8c7 27.
Nh1 Bf5 28. e4 Be6 29. exd5 Rxd5 30. Rxd5 Bxd5 31. Rd1 Rd7 32. Nf2 f5 33. Nh3
Kf6 34. c4 Bc6 35. Rxd7 Bxd7 36. Kc3 f4 37. Ng5 Bf5 38. Ne4+ Bxe4 39. fxe4 Ke6
40. Kd3 Kd6 41. g3 fxg3 42. Ke3 Kc5 43. Kf3 1/2-1/2

[Event "28th WSCC2018 - Open 50+"]
[Site "Bled"]
[Date "2018.11.29"]
[Round "11.6"]
[White "Plotkin, Victor"]
[Black "Arkell, Keith C"]
[Result "0-1"]
[WhiteElo "2307"]
[BlackElo "2443"]
[PlyCount "78"]
[EventDate "2018.11.18"]

1. e4 c6 2. Nc3 d5 3. Nf3 Bg4 4. h3 Bxf3 5. Qxf3 Nf6 6. e5 Nfd7 7. d4 e6 8. Qg3
a6 9. Be2 c5 10. dxc5 Nc6 11. O-O Ndxe5 12. b4 Ng6 13. a3 Be7 14. Na4 Bh4 15.
Qd6 Qxd6 16. cxd6 Bf6 17. Rb1 Nd4 18. Bd1 Ne5 19. Nb6 Rd8 20. Bb2 Nd7 21. Bxd4
Bxd4 22. Nxd7 Kxd7 23. b5 a5 24. Be2 Bc3 25. b6 Kxd6 26. Rb3 Rc8 27. Bd3 Rc6
28. Rfb1 h5 29. g3 g5 30. Kg2 f5 31. f4 gxf4 32. gxf4 Rg8+ 33. Kh2 Bd2 34. Rf1
h4 35. Rf3 a4 36. Rb1 Rc3 37. Rd1 Rg3 38. Rff1 Be3 39. Rb1 Rxa3 0-1

[Event "28th WSCC2018 - Open 50+"]
[Site "Bled"]
[Date "2018.11.29"]
[Round "11.7"]
[White "Vareille, Francois"]
[Black "Grant, Jonathan I M"]
[Result "1-0"]
[WhiteElo "2432"]
[BlackElo "2192"]
[PlyCount "79"]
[EventDate "2018.11.18"]

1. d4 Nf6 2. c4 e6 3. Nc3 Bb4 4. e3 O-O 5. Bd3 c5 6. Nf3 d5 7. a3 Bxc3+ 8. bxc3
dxc4 9. Bxc4 Qc7 10. Be2 Nc6 11. c4 cxd4 12. exd4 Na5 13. Qd3 b6 14. Bd2 Bb7
15. Bxa5 bxa5 16. h3 Rab8 17. O-O Be4 18. Qe3 a4 19. Ne5 Rb3 20. Qf4 Rd8 21.
Rfd1 Rb2 22. Bf1 h6 23. Rac1 Rb3 24. d5 Rxa3 25. dxe6 fxe6 26. Rxd8+ Qxd8 27.
c5 Qc7 28. c6 Bf5 29. Qb4 Rb3 30. Qxa4 Rb8 31. Nf3 Nd5 32. Nd4 Rb4 33. Qa1 Qe5
34. Bc4 Nb6 35. c7 Nc8 36. Qa6 Qxd4 37. Qxc8+ Kh7 38. Bxe6 Bxe6 39. Qxe6 Rb2
40. Qf5+ 1-0

[Event "28th WSCC2018 - Open 50+"]
[Site "Bled"]
[Date "2018.11.29"]
[Round "11.8"]
[White "Arakhamia-Grant, Ketevan"]
[Black "Bergstrom, Rolf"]
[Result "1-0"]
[WhiteElo "2373"]
[BlackElo "2216"]
[PlyCount "83"]
[EventDate "2018.11.18"]

1. e4 d6 2. d4 Nf6 3. Nc3 e5 4. Nf3 Nbd7 5. Bc4 Be7 6. a4 O-O 7. O-O exd4 8.
Nxd4 Ne5 9. Ba2 Nc6 10. Nf5 Bxf5 11. exf5 Nb4 12. Bb3 d5 13. Bg5 c6 14. Re1 Re8
15. Qf3 Na6 16. Rad1 Nc5 17. Ba2 h6 18. Be3 Qa5 19. Bd4 Nxa4 20. Rxe7 Rxe7 21.
Bxf6 gxf6 22. Qg4+ Kh7 23. Qxa4 Qxa4 24. Nxa4 b6 25. Kf1 Rae8 26. g3 Re5 27. c4
dxc4 28. Bxc4 Kg7 29. Nc3 R8e7 30. Rd6 Rxf5 31. Rxc6 Rd7 32. Ne4 Rd4 33. Nd6
Ra5 34. b4 Re5 35. Nxf7 Rd1+ 36. Kg2 Re7 37. Nd6 Kg6 38. Bb3 Rd2 39. Bc2+ Kh5
40. Ne4 Rxc2 41. Nxf6+ Kg6 42. Nd5+ 1-0

[Event "28th WSCC2018 - Open 50+"]
[Site "Bled"]
[Date "2018.11.29"]
[Round "11.9"]
[White "Biro, Sandor"]
[Black "Berend, Fred"]
[Result "1-0"]
[WhiteElo "2191"]
[BlackElo "2369"]
[PlyCount "100"]
[EventDate "2018.11.18"]

1. e4 c5 2. Nf3 e6 3. c3 Nf6 4. e5 Nd5 5. d4 cxd4 6. cxd4 b6 7. Nc3 Nxc3 8.
bxc3 Qc7 9. Bd2 Be7 10. Bd3 Ba6 11. c4 Bxc4 12. Rc1 b5 13. O-O O-O 14. Re1 Nc6
15. Bxc4 bxc4 16. Rxc4 d5 17. exd6 Qxd6 18. Qc2 Rac8 19. Rc1 Nb4 20. Qa4 Rxc4
21. Rxc4 Nd5 22. Qxa7 Rb8 23. g3 Qd8 24. a4 Ra8 25. Qb7 Rb8 26. Qc6 h6 27. a5
g5 28. Ne5 Rb2 29. Rc2 Rb1+ 30. Kg2 Kg7 31. Qc8 Ra1 32. Qxd8 Bxd8 33. Nc6 Bf6
34. Rb2 Ra4 35. Rb5 Ra2 36. Bc1 Ra4 37. Bb2 g4 38. Nb8 Bd8 39. Nc6 Bc7 40. Bc1
h5 41. h3 Bd6 42. Bb2 Kg6 43. hxg4 hxg4 44. Nd8 Bc7 45. Nb7 Ra2 46. Kf1 Bb8 47.
Ke1 Ba7 48. Nd8 Ra4 49. Nc6 Rc4 50. Ne5 1-0

[Event "28th WSCC2018 - Open 50+"]
[Site "Bled"]
[Date "2018.11.29"]
[Round "11.12"]
[White "Kolesar, Milan"]
[Black "Metz, Hartmut"]
[Result "1/2-1/2"]
[WhiteElo "2198"]
[BlackElo "2296"]
[PlyCount "99"]
[EventDate "2018.11.18"]

1. Nf3 c6 2. c4 d5 3. cxd5 cxd5 4. d4 Nf6 5. Nc3 Nc6 6. Bf4 Bf5 7. e3 e6 8. Qb3
Bb4 9. Bb5 O-O 10. Bxc6 Bxc3+ 11. Qxc3 bxc6 12. O-O Qb6 13. Rfc1 Ne4 14. Qb3 c5
15. dxc5 Nxc5 16. Qxb6 axb6 17. Bc7 Nd3 18. Rc3 Nxb2 19. Bxb6 Nc4 20. Bc7 Ra7
21. Bg3 f6 22. Nd4 Rfa8 23. f3 Ra3 24. Rxa3 Rxa3 25. Nxf5 exf5 26. Bf2 Kf7 27.
h3 h5 28. Kf1 Nxe3+ 29. Bxe3 Rxe3 30. a4 Re6 31. a5 Ra6 32. Ke2 Ke6 33. Kd3 Kd6
34. Kd4 f4 35. h4 g6 36. Ra2 g5 37. hxg5 fxg5 38. Ra1 g4 39. fxg4 hxg4 40. Ra3
Ke6 41. Ra2 f3 42. gxf3 gxf3 43. Ke3 Ke5 44. Ra4 Kd6 45. Kxf3 Kc5 46. Ke3 Kb5
47. Ra1 Rxa5 48. Rxa5+ Kxa5 49. Kd4 Kb5 50. Kxd5 1/2-1/2

[Event "28th WSCC2018 - Open 50+"]
[Site "Bled"]
[Date "2018.11.29"]
[Round "11.15"]
[White "Petran, Peter"]
[Black "Gavrish, Leonid"]
[Result "0-1"]
[WhiteElo "2256"]
[BlackElo "2144"]
[PlyCount "62"]
[EventDate "2018.11.18"]

1. g3 Nf6 2. Bg2 g6 3. e4 Bg7 4. d4 O-O 5. Ne2 d6 6. h3 e5 7. d5 Nbd7 8. c4 Nc5
9. Nbc3 a5 10. g4 Ne8 11. Ng3 f5 12. gxf5 gxf5 13. exf5 Qh4 14. Nce4 Nxe4 15.
Bxe4 Nf6 16. Bg2 Qxc4 17. Be3 e4 18. Bf1 Qb4+ 19. Bd2 Qxb2 20. Bc4 e3 21. fxe3
Qe5 22. Rg1 Bxf5 23. Nxf5 Qxf5 24. Qe2 Qe5 25. Rb1 Kh8 26. Rxb7 Rab8 27. Rb3
Ne4 28. Bxa5 Rxb3 29. Bxb3 Qa1+ 30. Qd1 Bc3+ 31. Ke2 Qb2+ 0-1

[Event "28th WSCC2018 - Open 50+"]
[Site "Bled"]
[Date "2018.11.29"]
[Round "11.16"]
[White "Findlay, Ian T"]
[Black "Gayson, Peter M"]
[Result "1-0"]
[WhiteElo "2255"]
[BlackElo "2141"]
[PlyCount "111"]
[EventDate "2018.11.18"]

1. e4 c5 2. Nf3 e6 3. d4 cxd4 4. Nxd4 Nf6 5. Nc3 Nc6 6. Ndb5 Bb4 7. a3 Bxc3+ 8.
Nxc3 d5 9. exd5 exd5 10. Bd3 O-O 11. O-O d4 12. Ne2 Bg4 13. f3 Bh5 14. Nf4 Re8
15. Nxh5 Nxh5 16. f4 Nf6 17. Qf3 Qd6 18. Bd2 Rad8 19. Rae1 a6 20. b4 Rc8 21.
Qh3 Qd5 22. Qf5 Qxf5 23. Bxf5 Rc7 24. Rxe8+ Nxe8 25. Re1 Nd6 26. Kf2 g6 27. Bd3
Kg7 28. Kf3 h5 29. h3 b5 30. g4 hxg4+ 31. hxg4 Ne7 32. f5 Nc4 33. Bf4 Rd7 34.
Bxc4 bxc4 35. Be5+ Kf8 36. Bf6 gxf5 37. gxf5 Nd5 38. Bxd4 Nc7 39. Bc5+ Kg7 40.
Re7 Rxe7 41. Bxe7 Nd5 42. Bd8 Kf8 43. Ke4 Nc3+ 44. Kd4 Nb5+ 45. Kxc4 Nxa3+ 46.
Kb3 Nb5 47. Bb6 Ke8 48. Ka4 Kd7 49. Ka5 Kc6 50. Kxa6 Nd6 51. Bg1 Nb5 52. c4
Nc7+ 53. Ka7 Ne8 54. b5+ Kd7 55. b6 Nd6 56. b7 1-0

[Event "28th WSCC2018 - Open 50+"]
[Site "Bled"]
[Date "2018.11.29"]
[Round "11.17"]
[White "Cmiel, Thorsten"]
[Black "Namyslo, Holger"]
[Result "0-1"]
[WhiteElo "2122"]
[BlackElo "2254"]
[PlyCount "56"]
[EventDate "2018.11.18"]

1. d4 g6 2. e4 Bg7 3. Nc3 d6 4. h3 a6 5. a4 b6 6. g3 Bb7 7. Bg2 e6 8. Nge2 Ne7
9. O-O O-O 10. Be3 c5 11. a5 cxd4 12. Bxd4 Bxd4 13. Nxd4 b5 14. Nb3 Qc7 15. Qd2
Nbc6 16. f4 f5 17. Rae1 Rae8 18. g4 b4 19. Nd1 fxg4 20. hxg4 Nxa5 21. Nxa5 Qxa5
22. Qxd6 Nc8 23. Qd3 Qc7 24. Kh2 Rd8 25. Qb3 Qe7 26. Kg3 Rd2 27. Ne3 Nd6 28.
Qxb4 Nf5+ 0-1

[Event "28th WSCC2018 - Open 50+"]
[Site "Bled"]
[Date "2018.11.29"]
[Round "11.18"]
[White "Baimurzin, Aitkazy"]
[Black "Matthews, Shane"]
[Result "1-0"]
[WhiteElo "2154"]
[BlackElo "2243"]
[PlyCount "35"]
[EventDate "2018.11.18"]

1. Nf3 Nf6 2. c4 g6 3. Nc3 Bg7 4. g3 O-O 5. Bg2 d6 6. O-O Nbd7 7. Rb1 e5 8. d3
Nh5 9. b4 h6 10. c5 f5 11. cxd6 cxd6 12. Qb3+ Kh7 13. Nd2 Nhf6 14. a4 a5 15.
Ba3 axb4 16. Qxb4 Ra6 17. Nc4 Ne8 18. Bxb7 {(31)} 1-0

[Event "28th WSCC2018 - Open 50+"]
[Site "Bled"]
[Date "2018.11.29"]
[Round "11.19"]
[White "Kastelic, Marian"]
[Black "Farrell, Neil"]
[Result "1-0"]
[WhiteElo "2241"]
[BlackElo "2117"]
[PlyCount "67"]
[EventDate "2018.11.18"]

1. d4 e6 2. Nf3 Nf6 3. e3 c5 4. b3 d5 5. Bb2 Nc6 6. Nbd2 Bd6 7. Be2 O-O 8. O-O
b6 9. Ne5 Bb7 10. f4 Ne7 11. Bd3 Nf5 12. Qf3 Be7 13. Rad1 Rc8 14. Qh3 Nd6 15.
dxc5 bxc5 16. c4 Qc7 17. cxd5 exd5 18. Nd7 Nfe4 19. Nxf8 Bxf8 20. Nxe4 dxe4 21.
Be2 Qa5 22. Be5 Rd8 23. Rf2 Bc8 24. Bg4 Ba6 25. Be2 Bc8 26. g4 Qxa2 27. Bc4 Qa5
28. Rfd2 Nb7 29. Rxd8 Nxd8 30. f5 Nc6 31. Bb2 Qc7 32. Qh5 Bb7 33. g5 Ne5 34. g6
1-0

[Event "28th WSCC2018 - Open 50+"]
[Site "Bled"]
[Date "2018.11.29"]
[Round "11.21"]
[White "Koehler, Gerhard"]
[Black "Dougherty, Michael"]
[Result "0-1"]
[WhiteElo "2197"]
[BlackElo "2155"]
[PlyCount "80"]
[EventDate "2018.11.18"]

1. c4 g6 2. Nc3 Bg7 3. d4 c5 4. Nf3 cxd4 5. Nxd4 Nc6 6. e3 Nf6 7. Be2 O-O 8.
Nc2 d6 9. e4 Nd7 10. Be3 Nc5 11. Nd4 f5 12. exf5 gxf5 13. f4 Bd7 14. Bf3 e5 15.
fxe5 Nxe5 16. Bd5+ Kh8 17. O-O Qe7 18. Qd2 Ned3 19. Nf3 f4 20. Bxc5 Nxc5 21.
Rae1 Qf6 22. Ne4 Nxe4 23. Rxe4 Rae8 24. b3 Bc6 25. Rfe1 Rxe4 26. Rxe4 Qa1+ 27.
Re1 Qf6 28. Rd1 Rd8 29. Qa5 Qe7 30. Qxa7 Bxd5 31. Rxd5 Bc3 32. Rd3 Qg7 33. a3
Rg8 34. Qf2 Ba5 35. Qf1 Qb2 36. b4 Bb6+ 37. Kh1 Rxg2 38. Rxd6 Rf2 39. Qh3 Qb1+
40. Ng1 Qe4+ 0-1

[Event "28th WSCC2018 - Open 50+"]
[Site "Bled"]
[Date "2018.11.29"]
[Round "11.22"]
[White "Lochte, Thomas"]
[Black "Kannenberg, Karl-Heinz"]
[Result "1/2-1/2"]
[WhiteElo "2105"]
[BlackElo "2182"]
[PlyCount "89"]
[EventDate "2018.11.18"]

1. e4 c6 2. d4 d5 3. e5 Bf5 4. Nc3 Qb6 5. Nf3 e6 6. Bd3 Ne7 7. O-O Bxd3 8. Qxd3
Nf5 9. Ne2 Qa6 10. Qd1 c5 11. c3 cxd4 12. Nexd4 Nxd4 13. Nxd4 h6 14. f4 g6 15.
b4 Qc4 16. Qb3 Qc7 17. Be3 Nd7 18. Nb5 Qc6 19. Nd4 Qc8 20. Nb5 a6 21. Nd6+ Bxd6
22. exd6 Qc6 23. Bd4 O-O 24. f5 Qxd6 25. f6 Rfc8 26. Rad1 Rc4 27. Rf3 Rac8 28.
Qb1 e5 29. Be3 Rxc3 30. Bc5 R8xc5 31. bxc5 Qxc5+ 32. Kh1 Rxf3 33. gxf3 b5 34.
Qc1 Qf2 35. Rf1 Qe2 36. Kg1 Nxf6 37. Qxh6 Ne8 38. h4 Qd3 39. h5 Nd6 40. hxg6
Qxg6+ 41. Qxg6+ fxg6 42. Rd1 d4 43. f4 Kf7 44. fxe5 Nf5 45. a4 1/2-1/2

[Event "28th WSCC2018 - Open 50+"]
[Site "Bled"]
[Date "2018.11.29"]
[Round "11.23"]
[White "Kranzl, Peter"]
[Black "Ruiz Bellon, Manuel"]
[Result "1/2-1/2"]
[WhiteElo "2163"]
[BlackElo "1934"]
[PlyCount "45"]
[EventDate "2018.11.18"]

1. e4 e6 2. d4 d5 3. Nd2 c5 4. exd5 Qxd5 5. Ngf3 cxd4 6. Bc4 Qd6 7. Qe2 Nf6 8.
Nb3 Nc6 9. Bg5 a6 10. O-O-O b5 11. Bd3 Be7 12. Rhe1 O-O 13. Kb1 Bd7 14. Nbxd4
Nxd4 15. Nxd4 Qc5 16. Nf3 Bc6 17. Ne5 Rac8 18. Nxc6 Qxc6 19. Bxf6 Bxf6 20. Qe4
Qxe4 21. Bxe4 a5 22. c3 b4 23. cxb4 1/2-1/2

[Event "28th WSCC2018 - Open 50+"]
[Site "Bled"]
[Date "2018.11.29"]
[Round "11.24"]
[White "Araya Umana, Carlos"]
[Black "Teo, Kok Siong"]
[Result "1/2-1/2"]
[WhiteElo "1870"]
[BlackElo "2191"]
[PlyCount "50"]
[EventDate "2018.11.18"]

1. Nf3 Nf6 2. b3 d6 3. d4 g6 4. Bb2 c6 5. g3 d5 6. Bg2 Bg7 7. O-O O-O 8. c4 Ne4
9. Nc3 Bf5 10. Nh4 Nxc3 11. Bxc3 Be6 12. cxd5 cxd5 13. Nf3 Nc6 14. Qd2 Qb6 15.
Rfd1 h6 16. Ne5 Rac8 17. e3 Nxe5 18. dxe5 Qc7 19. Rac1 Bxe5 20. Bb4 Qd7 21.
Rxc8 Rxc8 22. Bxd5 Bxd5 23. Qxd5 Qc7 24. Qd7 Bf6 25. Qxc7 Rxc7 1/2-1/2

[Event "28th WSCC2018 - Open 50+"]
[Site "Bled"]
[Date "2018.11.29"]
[Round "11.25"]
[White "Lagunov, Evgenij"]
[Black "Kainz, Josef"]
[Result "1-0"]
[WhiteElo "2272"]
[BlackElo "1907"]
[PlyCount "47"]
[EventDate "2018.11.18"]

1. e4 c5 2. Nf3 Nc6 3. d4 cxd4 4. Nxd4 Nf6 5. Nc3 e5 6. Ndb5 d6 7. Bg5 a6 8.
Bxf6 gxf6 9. Na3 b5 10. Nd5 f5 11. Bxb5 axb5 12. Nxb5 Ra4 13. Nbc7+ Kd7 14. c4
Ra5 15. Qh5 Rxd5 16. Nxd5 Qa5+ 17. b4 Nxb4 18. Qxf5+ Kd8 19. Qg5+ Kd7 20. O-O
Nxd5 21. cxd5 Qd8 22. Qh5 Qf6 23. Rfc1 Rg8 24. Qh3+ 1-0

[Event "28th WSCC2018 - Open 50+"]
[Site "Bled"]
[Date "2018.11.29"]
[Round "11.26"]
[White "Severcan, Sedat Sabri"]
[Black "Ernst, Michael"]
[Result "1/2-1/2"]
[WhiteElo "1883"]
[BlackElo "2197"]
[PlyCount "79"]
[EventDate "2018.11.18"]

1. d4 d5 2. c4 e6 3. Nf3 Nf6 4. g3 dxc4 5. Qa4+ Nbd7 6. Qxc4 a6 7. Bg2 b5 8.
Qc2 Bb7 9. O-O c5 10. dxc5 Bxc5 11. a3 Rc8 12. Qd1 O-O 13. Nc3 Qb6 14. e3 Rfd8
15. Qe2 Bf8 16. e4 e5 17. Be3 Qe6 18. Rfd1 Nc5 19. Ng5 Qe8 20. Bxc5 Bxc5 21.
Nd5 Nxd5 22. exd5 Bd4 23. Qe4 g6 24. Qh4 h5 25. Ne4 Qf8 26. Nf6+ Kh8 27. g4 Qh6
28. g5 Qf8 29. Be4 Kg7 30. Rd2 Rc4 31. Qg3 Qc5 32. Rad1 Rc1 33. b4 Qc3 34. Qxc3
Rxc3 35. Rd3 Rc4 36. Kg2 Kf8 37. h4 Bb6 38. f3 Rd6 39. R3d2 Bd8 40. Re2 1/2-1/2

[Event "28th WSCC2018 - Open 50+"]
[Site "Bled"]
[Date "2018.11.29"]
[Round "11.27"]
[White "Brongers, Henk"]
[Black "Chan, Peng Kong"]
[Result "1-0"]
[WhiteElo "2016"]
[BlackElo "2169"]
[PlyCount "81"]
[EventDate "2018.11.18"]

1. e4 c5 2. Nf3 e6 3. Qe2 Nc6 4. g3 d6 5. Bg2 g6 6. c3 Bg7 7. h4 h5 8. O-O Nge7
9. Rd1 e5 10. d3 O-O 11. Be3 Bg4 12. Na3 b6 13. Nc2 d5 14. Bg5 d4 15. cxd4 exd4
16. Qd2 Qd7 17. Re1 a5 18. Na3 a4 19. Nc4 Ra6 20. Bf4 Be6 21. Nce5 Nxe5 22.
Bxe5 Qb5 23. Bxg7 Kxg7 24. Ng5 Bc8 25. e5 Ra7 26. Rab1 Bf5 27. Be4 Qd7 28. Qf4
Bxe4 29. Qf6+ Kg8 30. Rxe4 Nd5 31. Qf3 a3 32. g4 axb2 33. Rxb2 f5 34. exf6 Rxf6
35. Qg3 hxg4 36. Rxg4 Qf5 37. Ne4 Re6 38. Rg5 Rg7 39. Rxf5 gxf5 40. Ng5 Re8 41.
Re2 1-0

[Event "28th WSCC2018 - Open 50+"]
[Site "Bled"]
[Date "2018.11.29"]
[Round "11.29"]
[White "Jensen, Stein"]
[Black "Smith, Peter R"]
[Result "1/2-1/2"]
[WhiteElo "2011"]
[BlackElo "2049"]
[PlyCount "74"]
[EventDate "2018.11.18"]

1. d4 Nf6 2. Nf3 c5 3. e3 g6 4. Be2 Bg7 5. O-O O-O 6. Nbd2 b6 7. b3 Bb7 8. Bb2
d6 9. c4 Nbd7 10. Qc2 Qc7 11. d5 b5 12. e4 b4 13. Ne1 a5 14. Nd3 a4 15. Rae1
axb3 16. axb3 Ra2 17. f4 Rfa8 18. Bf3 Ne8 19. Qb1 Bc3 20. Qc1 Rxb2 21. Nxb2 Ra2
22. Re2 Bxb2 23. Qd1 Bd4+ 24. Kh1 Qa5 25. Nb1 Ra1 26. g3 Bc8 27. Kg2 Nef6 28.
Qd3 Kg7 29. Qc2 Nb6 30. h3 Nfd7 31. Rfe1 f6 32. Kh2 Ba6 33. Bg4 Bc8 34. Bf3 Ba6
35. Bg4 Bb7 36. Bf3 Bc8 37. Bg4 Ba6 1/2-1/2

[Event "28th WSCC2018 - Open 50+"]
[Site "Bled"]
[Date "2018.11.29"]
[Round "11.30"]
[White "Smolin, Sergey"]
[Black "Gilbert, Michael A"]
[Result "1-0"]
[WhiteElo "2140"]
[BlackElo "1921"]
[PlyCount "23"]
[EventDate "2018.11.18"]

1. e4 e6 2. d4 d5 3. Nd2 Nf6 4. e5 Nfd7 5. Bd3 c5 6. c3 Nc6 7. Ngf3 Qb6 8. O-O
cxd4 9. cxd4 Be7 10. Re1 O-O 11. Nf1 Re8 12. h4 {(35)} 1-0

[Event "28th WSCC2018 - Open 50+"]
[Site "Bled"]
[Date "2018.11.29"]
[Round "11.31"]
[White "Marcos Herrero, Francisco"]
[Black "Metge, J. Nigel"]
[Result "0-1"]
[WhiteElo "1889"]
[BlackElo "2130"]
[PlyCount "67"]
[EventDate "2018.11.18"]

1. Nf3 e6 2. d4 Nf6 3. c4 b6 4. g3 Bb7 5. Bg2 Bb4+ 6. Nbd2 c5 7. O-O O-O 8. a3
Bxd2 9. Qxd2 d6 10. b4 Qc7 11. dxc5 dxc5 12. Bb2 Nbd7 13. Qg5 h6 14. Qh4 e5 15.
Rfd1 Rfe8 16. Ne1 Nf8 17. Nd3 Ng6 18. Qh3 Bc8 19. g4 Bxg4 20. Qe3 Rac8 21. bxc5
bxc5 22. Bh3 e4 23. Nc1 Qf4 24. Qxf4 Nxf4 25. Bxg4 Nxg4 26. e3 Nh3+ 27. Kg2
Nhxf2 28. Rd7 Nd3 29. Nxd3 Nxe3+ 30. Kh3 exd3 31. Rg1 Nf5 32. Rxd3 Re4 33. Rd5
Rh4+ 34. Kg2 0-1

[Event "28th WSCC2018 - Open 50+"]
[Site "Bled"]
[Date "2018.11.29"]
[Round "11.32"]
[White "Lopez De Turiso, Jose Angel"]
[Black "Lopez Pereyra, Antonio"]
[Result "1/2-1/2"]
[WhiteElo "1934"]
[BlackElo "2066"]
[PlyCount "33"]
[EventDate "2018.11.18"]

1. g3 d5 2. Nf3 Nf6 3. Bg2 c5 4. O-O Nc6 5. c4 e6 6. cxd5 exd5 7. d4 Be7 8. Nc3
O-O 9. b3 Bg4 10. e3 cxd4 11. exd4 Ne4 12. Ne2 Qd7 13. Be3 Rac8 14. a3 Rfd8 15.
Qb1 Bf6 16. Qb2 Qf5 17. Ne1 1/2-1/2

[Event "28th WSCC2018 - Open 50+"]
[Site "Bled"]
[Date "2018.11.29"]
[Round "11.33"]
[White "Bulgarini Torre, Marco"]
[Black "Povse, Martin"]
[Result "0-1"]
[WhiteElo "1863"]
[BlackElo "2014"]
[PlyCount "86"]
[EventDate "2018.11.18"]

1. e4 c5 2. Nc3 Nc6 3. g3 g6 4. Bg2 Bg7 5. d3 e6 6. Be3 d6 7. Qd2 a6 8. Nh3 Qc7
9. O-O Nd4 10. Nd1 e5 11. f4 f6 12. c3 Nc6 13. Ndf2 Nge7 14. fxe5 Nxe5 15. Bh6
O-O 16. Bxg7 Kxg7 17. Nf4 Nf7 18. Bh3 Bxh3 19. N2xh3 Qd7 20. Qg2 Rad8 21. Nd5
Nxd5 22. exd5 g5 23. Rae1 Rde8 24. Nf2 Rxe1 25. Rxe1 Re8 26. Rxe8 Qxe8 27. Qe4
Qxe4 28. Nxe4 f5 29. Nd2 b5 30. Kf1 Kf6 31. Ke2 Ke5 32. c4 bxc4 33. dxc4 Kd4
34. a3 Ne5 35. b3 a5 36. Nb1 g4 37. Nd2 Nd3 38. Nf1 Nc1+ 39. Kd2 Nxb3+ 40. Kc2
a4 41. Kd1 Kd3 42. Ke1 Nd4 43. Kf2 Nc2 0-1

[Event "28th WSCC2018 - Open 50+"]
[Site "Bled"]
[Date "2018.11.29"]
[Round "11.34"]
[White "Schmuki, Roman"]
[Black "Bennett, Hilton"]
[Result "1-0"]
[WhiteElo "2011"]
[BlackElo "1929"]
[PlyCount "119"]
[EventDate "2018.11.18"]

1. e4 g6 2. d4 Bg7 3. Nf3 d6 4. Bd3 Nc6 5. c3 e5 6. d5 Nce7 7. c4 Nh6 8. Nc3
O-O 9. h3 f5 10. Bd2 c6 11. b4 cxd5 12. cxd5 Kh8 13. Rc1 Nhg8 14. Qb3 Nf6 15.
O-O f4 16. Rc2 h6 17. Nb5 g5 18. Nc7 Rb8 19. Ne6 Bxe6 20. dxe6 g4 21. hxg4 Nxg4
22. Rd1 Ng6 23. Be2 Nf6 24. Bd3 Re8 25. Bc3 Qe7 26. b5 Nh7 27. Bb4 Rbd8 28. Bc4
Nhf8 29. Rcd2 Nxe6 30. Bxd6 Qf6 31. Bxe6 Qxe6 32. Qxe6 Rxe6 33. Bxe5 Rxd2 34.
Bxg7+ Kxg7 35. Nxd2 Rd6 36. Kf1 Ne5 37. Ke2 Kf6 38. Rc1 Rd7 39. Rc3 Ng4 40. Nf3
Ke6 41. Rc5 Rf7 42. a4 Kd6 43. Rd5+ Ke7 44. Ne5 Nxe5 45. Rxe5+ Kd6 46. Rd5+ Ke6
47. Kf3 b6 48. Rh5 Rf6 49. g3 fxg3+ 50. Kxg3 Rg6+ 51. Kf4 Kf6 52. Rd5 Ke6 53.
Rd8 Rg1 54. Ra8 Rg7 55. Rh8 Rg6 56. Rh7 Kd6 57. Rxa7 Kc5 58. Rc7+ Kb4 59. Rc6
Rg2 60. Ke3 {(76)} 1-0

[Event "28th WSCC2018 - Open 50+"]
[Site "Bled"]
[Date "2018.11.29"]
[Round "11.35"]
[White "De Meester, Johan"]
[Black "Spiess, Thomas"]
[Result "1/2-1/2"]
[WhiteElo "1720"]
[BlackElo "1975"]
[PlyCount "76"]
[EventDate "2018.11.18"]

1. e4 c5 2. Nf3 e6 3. d4 cxd4 4. Nxd4 Nc6 5. Nc3 Qc7 6. Nxc6 bxc6 7. Be3 Rb8 8.
Bc4 Nf6 9. O-O Be7 10. Bb3 O-O 11. e5 Qxe5 12. Bxa7 Ra8 13. Bd4 Qf5 14. Qd3 Qh5
15. Qe2 Qh4 16. Rfd1 c5 17. Bxf6 Qxf6 18. Bc4 Rd8 19. a4 d5 20. Bb5 Bb7 21. Rd3
Bd6 22. Nd1 c4 23. Rf3 Qe7 24. c3 g6 25. Re3 Bc5 26. Rg3 Ba6 27. Bxa6 Rxa6 28.
b3 Rda8 29. bxc4 Rxa4 30. Rxa4 Rxa4 31. cxd5 Ra1 32. Rd3 exd5 33. Qxe7 Bxe7 34.
Rxd5 Rc1 35. Kf1 Bf6 36. Ke2 Bxc3 37. Rc5 Bb2 38. Rxc1 Bxc1 1/2-1/2